[Event "SVK-ch U20 rapid"]
[Site "Senec"]
[Date "2023.05.07"]
[Round "5"]
[White "Petrek, Dominik"]
[Black "Chlpek, Daniel"]
[Result "1/2-1/2"]
[WhiteElo "1997"]
[BlackElo "1965"]
[PlyCount "20"]
[EventDate "2023.05.07"]
[EventType "rapid"]
[EventRounds "7"]
[EventCountry "SVK"]
[SourceTitle "EXT 2024"]
[Source "ChessBase"]
[SourceDate "2023.10.10"]
[SourceVersion "1"]
[SourceVersionDate "2023.10.10"]
[SourceQuality "1"]

1. d4 d5 2. Nf3 Nf6 3. c4 e6 4. h3 Be7 5. Nc3 0-0 6. Bf4 dxc4 7. e3 a6 8. Bxc4 b5 9. Bb3 Bb7 10. 0-0 c5 1/2-1/2

[Event "SVK-chT1W 2223"]
[Site "Slovakia"]
[Date "2023.03.11"]
[Round "10.7"]
[White "Chlpek, Daniel"]
[Black "Budinsky, Martin"]
[Result "1/2-1/2"]
[WhiteElo "2100"]
[BlackElo "2032"]
[PlyCount "56"]
[EventDate "2022.10.15"]
[EventType "team-tourn"]
[EventRounds "11"]
[EventCountry "SVK"]
[SourceTitle "EXT 2024"]
[Source "ChessBase"]
[SourceDate "2023.10.10"]
[SourceVersion "1"]
[SourceVersionDate "2023.10.10"]
[SourceQuality "1"]
[WhiteTeam "Bratislava Slovan II"]
[BlackTeam "Levice"]
[WhiteTeamCountry "SVK"]
[BlackTeamCountry "SVK"]

1. e4 e5 2. Nf3 Nc6 3. Bb5 g6 4. 0-0 Bg7 5. c3 d6 6. h3 Bd7 7. d4 Nge7 8. a4 0-0 9. Re1 h6 10. dxe5 dxe5 11. Be3 Be6 12. Qe2 a6 13. Bc4 Qd7 14. Na3 Rad8 15. Rad1 Qc8 16. b4 Rfe8 17. Bc5 Bxc4 18. Nxc4 Qe6 19. b5 axb5 20. axb5 b6 21. Ba3 Na7 22. Ne3 Nac8 23. c4 f6 24. Nd5 Nxd5 25. cxd5 Qd7 26. Qc4 Qf7 27. Rc1 Rd7 28. Re2 Bf8 1/2-1/2

[Event "SVK-chT2A 2223"]
[Site "Slovakia"]
[Date "2023.02.12"]
[Round "9.6"]
[White "Banas, Jan"]
[Black "Chlpek, Daniel"]
[Result "1/2-1/2"]
[WhiteElo "2203"]
[BlackElo "2020"]
[PlyCount "37"]
[EventDate "2022.10.08"]
[EventType "team-tourn"]
[EventRounds "11"]
[EventCountry "SVK"]
[SourceTitle "EXT 2024"]
[Source "ChessBase"]
[SourceDate "2023.10.10"]
[SourceVersion "1"]
[SourceVersionDate "2023.10.10"]
[SourceQuality "1"]
[WhiteTeam "Cifer"]
[BlackTeam "Bratislava Slovan IV"]
[WhiteTeamCountry "SVK"]
[BlackTeamCountry "SVK"]

1. c4 e5 2. Nc3 Bb4 3. Nd5 a5 4. Qb3 Nf6 5. Qg3 Nxd5 6. cxd5 Qf6 7. a3 Bc5 8. e4 0-0 9. Ne2 d6 10. d3 Qe7 11. Be3 Na6 12. Nc3 f5 13. exf5 Bxf5 14. Be2 Bxe3 15. Qxe3 Nc5 16. 0-0 Nb3 17. Rae1 Nd4 18. Bd1 Qf6 19. f4 1/2-1/2

[Event "SVK-chT2A 2223"]
[Site "Slovakia"]
[Date "2022.11.26"]
[Round "5.5"]
[White "Chlpek, Daniel"]
[Black "Bronis, Marian"]
[Result "1-0"]
[WhiteElo "2071"]
[BlackElo "2086"]
[PlyCount "81"]
[EventDate "2022.10.08"]
[EventType "team-tourn"]
[EventRounds "11"]
[EventCountry "SVK"]
[SourceTitle "EXT 2024"]
[Source "ChessBase"]
[SourceDate "2023.10.10"]
[SourceVersion "1"]
[SourceVersionDate "2023.10.10"]
[SourceQuality "1"]
[WhiteTeam "Bratislava Slovan IV"]
[BlackTeam "Krasnany"]
[WhiteTeamCountry "SVK"]
[BlackTeamCountry "SVK"]

1. e4 c5 2. Nf3 e6 3. d4 cxd4 4. Nxd4 Nc6 5. Nc3 d6 6. Be3 Nf6 7. Be2 Be7 8. 0-0 0-0 9. f4 e5 10. fxe5 dxe5 11. Nxc6 bxc6 12. Qe1 Be6 13. Qg3 Nd7 14. Rad1 Bh4 15. Qf3 Qc7 16. Bd3 Be7 17. Kh1 Rab8 18. Bc1 Bb4 19. Ne2 Be7 20. Ng3 g6 21. Bh6 Rfe8 22. b3 Kh8 23. Bc4 Bxc4 24. bxc4 f6 25. h4 Bf8 26. Qg4 Re7 27. Bxf8 Rxf8 28. h5 Rg7 29. Rd2 Nc5 30. Rfd1 gxh5 31. Qf3 Rxg3 32. Qxg3 Nxe4 33. Qf3 Nxd2 34. Rxd2 f5 35. Qxh5 e4 36. Qh6 Rf7 37. Qg5 Rf8 38. Qh6 Qe7 39. Rd7 Rf6 40. Qd2 Rh6+ 41. Qxh6 1-0

[Event "Bratislava Slovakia op"]
[Site "Bratislava"]
[Date "2022.09.30"]
[Round "3"]
[White "Migalko, Dmitriy"]
[Black "Chlpek, Daniel"]
[Result "0-1"]
[WhiteElo "1555"]
[BlackElo "2020"]
[PlyCount "68"]
[EventDate "2022.09.30"]
[EventType "swiss (rapid)"]
[EventRounds "9"]
[EventCountry "SVK"]
[SourceTitle "CBM 210 Extra"]
[Source "ChessBase"]
[SourceDate "2022.11.30"]
[SourceVersion "1"]
[SourceVersionDate "2022.11.30"]
[SourceQuality "1"]

1. e4 c5 2. Nf3 d6 3. Nc3 Nf6 4. Bb5+ Bd7 5. Bxd7+ Nbxd7 6. 0-0 g6 7. d3 Bg7 8. Bg5 h6 9. Bh4 0-0 10. Re1 Qb6 11. Rb1 e6 12. e5 dxe5 13. Nxe5 Nxe5 14. Rxe5 Qb4 15. Bxf6 Bxf6 16. a3 Qa5 17. Re2 Rad8 18. Ne4 Bg7 19. c3 c4 20. d4 e5 21. Rd2 exd4 22. cxd4 Rfe8 23. Nc3 Qf5 24. g3 h5 25. h4 Bh6 26. f4 Bg7 27. Kh2 Re3 28. Qg1 Rde8 29. Rbd1 b5 30. d5 Bxc3 31. bxc3 Re2+ 32. Rxe2 Rxe2+ 33. Qg2 Rxg2+ 34. Kxg2 Qc2+ 0-1

[Event "Skalica op-A"]
[Site "Skalica"]
[Date "2022.08.24"]
[Round "5"]
[White "Chlpek, Daniel"]
[Black "Sosovickova, Martina"]
[Result "1-0"]
[WhiteElo "2031"]
[BlackElo "1865"]
[PlyCount "132"]
[EventDate "2022.08.20"]
[EventType "swiss"]
[EventRounds "9"]
[EventCountry "SVK"]
[SourceTitle "CBM 209 Extra"]
[Source "ChessBase"]
[SourceDate "2022.09.30"]
[SourceVersion "1"]
[SourceVersionDate "2022.09.30"]
[SourceQuality "1"]

1. b3 Nf6 2. Bb2 g6 3. Bxf6 exf6 4. g3 Bg7 5. Bg2 d5 6. d4 Be6 7. e3 0-0 8. Ne2 c6 9. 0-0 Na6 10. Nd2 Qd7 11. c4 Nc7 12. Nf4 Bf5 13. Rc1 Rfe8 14. Nb1 Bxb1 15. Rxb1 Red8 16. Qc2 Qe7 17. Rfc1 Ne6 18. Nd3 Bf8 19. b4 Qd7 20. Qb3 dxc4 21. Qxc4 Rac8 22. Qb3 Bd6 23. a4 h5 24. b5 cxb5 25. Qxb5 Qxb5 26. axb5 b6 27. Bc6 Rc7 28. Rc3 Rdc8 29. Rbc1 Ng5 30. Kg2 Ne4 31. R3c2 Kg7 32. Ra2 Ng5 33. d5 Ne4 34. Rca1 Nc5 35. Nxc5 Bxc5 36. Rxa7 f5 37. R7a6 Rd8 38. Rc1 Kf6 39. Rxc5 bxc5 40. b6 Rcc8 41. b7 Rb8 42. Ra5 c4 43. Rc5 Ke5 44. Rxc4 Kf6 45. Kf3 Ke5 46. Ke2 Rh8 47. h4 f6 48. Kd3 Rhd8 49. Kc3 Rf8 50. Kb4 Kd6 51. Kb5 Rfd8 52. Kb6 Rf8 53. Ra4 g5 54. Ra8 gxh4 55. gxh4 Ke5 56. Rxb8 Rxb8 57. Kc7 Rg8 58. b8Q Rxb8 59. Kxb8 f4 60. exf4+ Kxf4 61. d6 Kg4 62. d7 Kxh4 63. d8Q Kg5 64. Bg2 Kg6 65. Qg8+ Kh6 66. Be4 h4 1-0

[Event "Skalica op-A"]
[Site "Skalica"]
[Date "2022.08.23"]
[Round "4"]
[White "Bednar, Jan"]
[Black "Chlpek, Daniel"]
[Result "1/2-1/2"]
[WhiteElo "1962"]
[BlackElo "2031"]
[PlyCount "48"]
[EventDate "2022.08.20"]
[EventType "swiss"]
[EventRounds "9"]
[EventCountry "SVK"]
[SourceTitle "CBM 209 Extra"]
[Source "ChessBase"]
[SourceDate "2022.09.30"]
[SourceVersion "1"]
[SourceVersionDate "2022.09.30"]
[SourceQuality "1"]

1. e4 c5 2. Nf3 Nc6 3. d4 cxd4 4. Nxd4 Nf6 5. Nc3 e6 6. g3 Bb4 7. Bg2 d5 8. 0-0 Bxc3 9. bxc3 0-0 10. Bg5 h6 11. Bxf6 Qxf6 12. exd5 exd5 13. Rb1 Nxd4 14. Qxd4 Qxd4 15. cxd4 Be6 16. f4 g6 17. Rxb7 Rfc8 18. Rf2 Rc4 19. Rd2 Ra4 20. c3 Rc8 21. Rb3 Rac4 22. Rd3 Kg7 23. Kf2 Ra4 24. Rd2 Rac4 1/2-1/2

[Event "Trnava Reti Memorial op"]
[Site "Trnava"]
[Date "2022.08.13"]
[Round "4"]
[White "Koloditsova, Renata"]
[Black "Chlpek, Daniel"]
[Result "1-0"]
[WhiteElo "1908"]
[BlackElo "2031"]
[PlyCount "37"]
[EventDate "2022.08.11"]
[EventType "swiss"]
[EventRounds "7"]
[EventCountry "SVK"]
[SourceTitle "CBM 209 Extra"]
[Source "ChessBase"]
[SourceDate "2022.09.30"]
[SourceVersion "1"]
[SourceVersionDate "2022.09.30"]
[SourceQuality "1"]

1. d4 Nf6 2. c4 g6 3. Nc3 d5 4. cxd5 Nxd5 5. e4 Nxc3 6. bxc3 Bg7 7. Nf3 c5 8. Rb1 0-0 9. Be2 b6 10. h4 Bg4 11. 0-0 Nd7 12. e5 Bf5 13. Rb2 Be4 14. e6 Nf6 15. exf7+ Kh8 16. Ng5 Bd5 17. h5 cxd4 18. hxg6 dxc3 19. Rb4 1-0

[Event "Trnava Reti Memorial op"]
[Site "Trnava"]
[Date "2022.08.12"]
[Round "2"]
[White "Meszaros, Casey Ryan"]
[Black "Chlpek, Daniel"]
[Result "1-0"]
[WhiteElo "1843"]
[BlackElo "2031"]
[PlyCount "91"]
[EventDate "2022.08.11"]
[EventType "swiss"]
[EventRounds "7"]
[EventCountry "SVK"]
[SourceTitle "CBM 209 Extra"]
[Source "ChessBase"]
[SourceDate "2022.09.30"]
[SourceVersion "1"]
[SourceVersionDate "2022.09.30"]
[SourceQuality "1"]

1. e4 c6 2. d4 d5 3. exd5 cxd5 4. c4 Nf6 5. Nc3 Nc6 6. Nf3 Be6 7. c5 g6 8. h3 Bg7 9. a3 0-0 10. b4 Ne4 11. Bb2 a6 12. Be2 Bf5 13. 0-0 g5 14. Na4 e6 15. Nb6 Rb8 16. b5 axb5 17. Bxb5 Nxc5 18. dxc5 Bxb2 19. Ra2 Bg7 20. Bxc6 bxc6 21. Nd4 Bxd4 22. Qxd4 f6 23. a4 e5 24. Qb4 Bc8 25. Qa5 Qe7 26. Rb2 Bf5 27. Qb4 Bd3 28. Ra1 e4 29. Qd4 f5 30. a5 Ba6 31. Na4 Rxb2 32. Qxb2 Bb5 33. Qd4 f4 34. Nc3 Bd3 35. a6 Qg7 36. Qxg7+ Kxg7 37. a7 Ra8 38. Ra5 Bc2 39. Ne2 Bd1 40. Nd4 e3 41. f3 Kf7 42. Nxc6 Ke6 43. Ra6 Kd7 44. Nd4 Kc8 45. Rc6+ Kb7 46. Rb6+ 1-0

[Event "Trnava Reti Memorial op"]
[Site "Trnava"]
[Date "2022.08.11"]
[Round "1"]
[White "Chlpek, Daniel"]
[Black "Frundina, Yelyzaveta"]
[Result "1-0"]
[WhiteElo "2031"]
[BlackElo "1571"]
[PlyCount "119"]
[EventDate "2022.08.11"]
[EventType "swiss"]
[EventRounds "7"]
[EventCountry "SVK"]
[SourceTitle "CBM 209 Extra"]
[Source "ChessBase"]
[SourceDate "2022.09.30"]
[SourceVersion "1"]
[SourceVersionDate "2022.09.30"]
[SourceQuality "1"]

1. c4 e5 2. Nc3 Bb4 3. Nd5 Bc5 4. b4 Bd4 5. Rb1 c6 6. e3 cxd5 7. exd4 d6 8. cxd5 Nf6 9. Bc4 e4 10. Ne2 Bg4 11. 0-0 0-0 12. d3 exd3 13. Qxd3 Re8 14. f3 Bh5 15. Nf4 Bg6 16. Nxg6 fxg6 17. Bg5 a6 18. Rfe1 b5 19. Bb3 Nbd7 20. Re6 Nf8 21. Ree1 h6 22. Bd2 Ra7 23. a4 Rb7 24. Rbc1 Rxe1+ 25. Bxe1 Qe8 26. axb5 axb5 27. Bg3 Qd7 28. Qc3 Nh5 29. Bf2 Nf4 30. Qe3 Qf5 31. Bg3 g5 32. Bc2 Qf6 33. Re1 Rc7 34. Bb3 Kh7 35. h4 N8g6 36. Bxf4 gxf4 37. Qd3 Kg8 38. h5 Nh4 39. Bc2 Kf7 40. Qe4 Rc8 41. Qe6+ Qxe6 42. dxe6+ Ke7 43. Re2 Rc4 44. Kh2 Rxd4 45. Kh3 Nxf3 46. gxf3 Rxb4 47. Kg4 Rc4 48. Bd3 Rc5 49. Bf5 b4 50. Ra2 Rc7 51. Ra8 Rb7 52. Rg8 Kf6 53. Rf8+ Ke5 54. Rf7 Rb8 55. e7 Re8 56. Bd7 b3 57. Bxe8 b2 58. Rf5+ Ke6 59. Rb5 Kxe7 60. Bg6 1-0

[Event "Liptovsky Jan op"]
[Site "Liptovsky Jan"]
[Date "2022.06.26"]
[Round "6"]
[White "Gollner, Martin"]
[Black "Chlpek, Daniel"]
[Result "0-1"]
[WhiteElo "1809"]
[BlackElo "2028"]
[PlyCount "81"]
[EventDate "2022.06.23"]
[EventType "swiss"]
[EventRounds "7"]
[EventCountry "SVK"]
[SourceTitle "CBM 209 Extra"]
[Source "ChessBase"]
[SourceDate "2022.09.30"]
[SourceVersion "1"]
[SourceVersionDate "2022.09.30"]
[SourceQuality "1"]

1. e4 c5 2. Nf3 Nc6 3. d4 cxd4 4. Nxd4 Nf6 5. Nc3 d6 6. Bg5 g6 7. Bxf6 exf6 8. Bc4 Bg7 9. Ndb5 0-0 10. Qxd6 f5 11. 0-0-0 Qb6 12. f3 fxe4 13. fxe4 Be5 14. Qd3 a6 15. Nd5 Qa5 16. Nbc3 b5 17. Bb3 Be6 18. h4 h5 19. Rdf1 Kg7 20. Kb1 Rad8 21. Qe3 Nd4 22. Rfg1 Nxb3 23. cxb3 b4 24. Na4 Bxd5 25. exd5 Qxd5 26. Rd1 Qe6 27. Rde1 Rfe8 28. Qc5 Qf5+ 29. Ka1 Rd2 30. Qxb4 Qc2 31. Rb1 Rc8 32. Qa5 Bf6 33. Qxa6 Rc6 34. Qf1 Rxg2 35. Qd1 Qe4 36. Rc1 Ra6 37. Rc4 Qa8 38. Rf1 Re6 39. Re1 Qd8 40. Rc1 Rd2 41. Qf3 0-1

[Event "Liptovsky Jan op"]
[Site "Liptovsky Jan"]
[Date "2022.06.25"]
[Round "4.14"]
[White "Verba, Vladimir"]
[Black "Chlpek, Daniel"]
[Result "1-0"]
[WhiteElo "1782"]
[BlackElo "2028"]
[PlyCount "47"]
[EventDate "2022.06.23"]
[EventType "swiss"]
[EventRounds "7"]
[EventCountry "SVK"]
[SourceTitle "CBM 209 Extra"]
[Source "ChessBase"]
[SourceDate "2022.09.30"]
[SourceVersion "1"]
[SourceVersionDate "2022.09.30"]
[SourceQuality "1"]

1. e4 c5 2. Nc3 e6 3. g3 d5 4. exd5 exd5 5. Bg2 Nf6 6. d3 Be7 7. Nge2 d4 8. Ne4 Nxe4 9. dxe4 0-0 10. 0-0 Nc6 11. Nf4 b6 12. Re1 Bb7 13. Nd5 Re8 14. c3 dxc3 15. bxc3 c4 16. Bf4 Rc8 17. Bh3 Bc5 18. Bxc8 Qxc8 19. Qh5 Ne7 20. Rad1 Ng6 21. Be3 Bxe3 22. Rxe3 Ne5 23. Qg5 h6 24. Ne7+ 1-0

[Event "SVK-chT2B 2122"]
[Site "Slovakia"]
[Date "2022.04.30"]
[Round "10.2"]
[White "Chlpek, Daniel"]
[Black "Bednar, Jaromir"]
[Result "0-1"]
[WhiteElo "2007"]
[BlackElo "2220"]
[PlyCount "88"]
[EventDate "2021.10.16"]
[EventType "team-tourn"]
[EventRounds "11"]
[EventCountry "SVK"]
[SourceTitle "EXT 2023"]
[Source "ChessBase"]
[SourceDate "2022.10.05"]
[SourceVersion "1"]
[SourceVersionDate "2022.10.05"]
[SourceQuality "1"]
[WhiteTeam "Levice II"]
[BlackTeam "Belusa"]
[WhiteTeamCountry "SVK"]
[BlackTeamCountry "SVK"]

1. e4 d5 2. exd5 Nf6 3. d4 Nxd5 4. Nf3 g6 5. Be2 Bg7 6. 0-0 0-0 7. h3 Nc6 8. c4 Nb6 9. c5 Nd5 10. Nc3 e5 11. Nxd5 Qxd5 12. dxe5 Qxc5 13. Be3 Qb4 14. Qc1 Re8 15. Rd1 Nxe5 16. Nd4 c6 17. a3 Qe7 18. b4 a6 19. Qc2 a5 20. Qb3 Nd7 21. Bf3 Ne5 22. Be2 a4 23. Qc2 Be6 24. Nxe6 Qxe6 25. Rab1 Red8 26. Rxd8+ Rxd8 27. Qxa4 Nc4 28. Bxc4 Qxc4 29. Qb3 Qxb3 30. Rxb3 Rd1+ 31. Kh2 Be5+ 32. g3 b5 33. Kg2 f5 34. Kf3 Kf7 35. Bf4 Bf6 36. Ke2 Ra1 37. Rd3 g5 38. Bd2 Ke6 39. Bc3 Rxa3 40. Bxf6 Rxd3 41. Kxd3 Kxf6 42. Kd4 Ke6 43. Kc5 Kd7 44. f3 h6 0-1

[Event "SVK-chT1W 2122"]
[Site "Slovakia"]
[Date "2022.04.23"]
[Round "8.7"]
[White "Chlpek, Daniel"]
[Black "Chrenko, Kristian"]
[Result "1-0"]
[WhiteElo "2030"]
[BlackElo "1993"]
[PlyCount "129"]
[EventDate "2021.11.06"]
[EventType "team-tourn"]
[EventRounds "11"]
[EventCountry "SVK"]
[SourceTitle "EXT 2023"]
[Source "ChessBase"]
[SourceDate "2022.10.05"]
[SourceVersion "1"]
[SourceVersionDate "2022.10.05"]
[SourceQuality "1"]
[WhiteTeam "Bratislava Slovan II"]
[BlackTeam "Nitra NSK"]
[WhiteTeamCountry "SVK"]
[BlackTeamCountry "SVK"]

1. Nf3 d5 2. g3 Nf6 3. Bg2 Bf5 4. 0-0 e6 5. d3 Be7 6. Nh4 Bg4 7. Qe1 Nfd7 8. Nf3 0-0 9. e4 c5 10. Nc3 d4 11. Ne2 Nc6 12. Nf4 Bxf3 13. Bxf3 Nde5 14. Bg2 Rc8 15. a3 b5 16. Ne2 c4 17. Qd1 Qb6 18. f4 Nd7 19. Bd2 Nc5 20. Be1 Na4 21. Ra2 Bc5 22. Bf2 Rfd8 23. g4 Qa6 24. b3 Nb6 25. Qa1 cxb3 26. cxb3 Nd7 27. b4 Bb6 28. e5 g5 29. Be4 Nf8 30. Bg3 Ne7 31. fxg5 Nd5 32. Nf4 Nc3 33. Nh5 Nxe4 34. dxe4 d3+ 35. Bf2 d2 36. Rd1 Bxf2+ 37. Kxf2 Qb6+ 38. Ke2 Rc4 39. Nf6+ Kh8 40. Raxd2 Rxd2+ 41. Rxd2 Qc7 42. Kf2 Rc3 43. Rd6 Rc2+ 44. Ke3 Qc4 45. Rd3 Rxh2 46. Qf1 Qc7 47. Nh5 Qxe5 48. Qf6+ Qxf6 49. gxf6 Rh3+ 50. Kd2 Rxd3+ 51. Kxd3 Nd7 52. Kd4 h6 53. e5 Kh7 54. Ng3 Kg6 55. Ne4 Nb6 56. Kc5 Nc4 57. Kxb5 Nxa3+ 58. Ka6 Nc4 59. Kxa7 Nxe5 60. b5 Nc4 61. b6 Nxb6 62. Kxb6 h5 63. gxh5+ Kxh5 64. Kc6 Kg4 65. Kd7 1-0

[Event "SVK-chT2B 2122"]
[Site "Slovakia"]
[Date "2021.11.13"]
[Round "3.5"]
[White "Chlpek, Daniel"]
[Black "Vitek, Matej"]
[Result "1/2-1/2"]
[WhiteElo "2007"]
[BlackElo "1890"]
[PlyCount "46"]
[EventDate "2021.10.16"]
[EventType "team-tourn"]
[EventRounds "11"]
[EventCountry "SVK"]
[SourceTitle "EXT 2023"]
[Source "ChessBase"]
[SourceDate "2022.10.05"]
[SourceVersion "1"]
[SourceVersionDate "2022.10.05"]
[SourceQuality "1"]
[WhiteTeam "Levice II"]
[BlackTeam "Surany"]
[WhiteTeamCountry "SVK"]
[BlackTeamCountry "SVK"]

1. d4 d5 2. Nf3 Nf6 3. c4 c6 4. Nc3 e6 5. e3 Bd6 6. Qc2 0-0 7. b3 Nbd7 8. Bb2 Re8 9. Be2 dxc4 10. bxc4 e5 11. 0-0 exd4 12. exd4 Nf8 13. h3 Ng6 14. Rfe1 Bd7 15. Bf1 Rxe1 16. Rxe1 Qc8 17. Ne5 Bf5 18. Bd3 Bxd3 19. Qxd3 Qc7 20. Nxg6 hxg6 21. Ne4 Nxe4 22. Rxe4 Rd8 23. Qe2 Qd7 1/2-1/2

[Event "SVK-chT1W 2122"]
[Site "Slovakia"]
[Date "2021.11.07"]
[Round "2.7"]
[White "Bona, Zoltan"]
[Black "Chlpek, Daniel"]
[Result "0-1"]
[WhiteElo "1838"]
[BlackElo "2007"]
[PlyCount "86"]
[EventDate "2021.11.06"]
[EventType "team-tourn"]
[EventRounds "11"]
[EventCountry "SVK"]
[SourceTitle "EXT 2023"]
[Source "ChessBase"]
[SourceDate "2022.10.05"]
[SourceVersion "1"]
[SourceVersionDate "2022.10.05"]
[SourceQuality "1"]
[WhiteTeam "Batorove Kosihy"]
[BlackTeam "Bratislava Slovan II"]
[WhiteTeamCountry "SVK"]
[BlackTeamCountry "SVK"]

1. e4 c5 2. Nf3 e6 3. d4 cxd4 4. Nxd4 Nf6 5. Nc3 Nc6 6. Be2 Bb4 7. f3 d5 8. Bb5 Bd7 9. Bxc6 bxc6 10. e5 Ng8 11. 0-0 Ne7 12. Kh1 0-0 13. Nce2 Qc7 14. f4 Ba5 15. a4 a6 16. c3 c5 17. Nf3 Rab8 18. Qc2 h6 19. Ng3 Qb7 20. Qf2 d4 21. cxd4 cxd4 22. Nxd4 Bb6 23. b3 Rfd8 24. Ra2 Bc6 25. Nge2 Nf5 26. Rd2 Nxd4 27. Nxd4 Bxd4 28. Rxd4 Rxd4 29. Qxd4 Bxg2+ 30. Kg1 Bxf1 31. Kxf1 Qh1+ 32. Qg1 Qxg1+ 33. Kxg1 Rxb3 34. Bd2 Kh7 35. Kf2 Kg6 36. a5 Kf5 37. Be3 Ke4 38. Bc5 Kxf4 39. Bf8 Rb2+ 40. Kg1 Ra2 41. Bxg7 h5 42. Bf6 Rxa5 43. h4 Rxe5 0-1